000 00407nam a22001697a 4500
020 _a978-93-560-6491-1
082 _a658
100 _aRobbins, Stephen P.
245 _aManagement
250 _a15th
260 _aUttar Pradesh:
_bPearson Education;
_c2022
300 _axxxviii, 658p.: ill.; 25cm
700 _aCoulter, Mary
700 _aRandel, Amy
700 _aViswanathan, Rajeesh
942 _cBK
999 _c22135
_d22135